Entry Personal Name
Number of records used in: 4
001 - CONTROL NUMBER
003 - CONTROL NUMBER IDENTIFIER
005 - DATE AND TIME OF LATEST TRANSACTION
- control field:
20200813114752.0
008 - FIXED-LENGTH DATA ELEMENTS
- fixed length control field:
200813|| aca||aabn | a|a d
040 ## - CATALOGING SOURCE
- Original cataloging agency:
OSt
100 ## - HEADING--PERSONAL NAME
- Personal name:
Mohan, Jag